| 000 | 00634cam a22002054a 4500 | ||
|---|---|---|---|
| 001 | 15348894 | ||
| 005 | 20250310131736.0 | ||
| 008 | 080630s2009 nyu b 000 0 eng | ||
| 020 | _a9780393932447 (pbk.) | ||
| 050 | 0 | 0 |
_aHM585 _b.R427 2009 |
| 082 | 0 | 0 |
_a301 _222 |
| 245 | 0 | 0 |
_aReadings for sociology / _cedited by Garth Massey. |
| 250 | _a6th ed. | ||
| 260 |
_aNew York, N.Y. : _bW.W. Norton & Company, _c2009. |
||
| 300 |
_axvii, 546 p. ; _c24 cm. |
||
| 650 | 0 | _aSociology. | |
| 700 | 1 | _aMassey, Garth. | |
| 856 | 4 | 1 |
_3Table of contents only _uhttp://www.loc.gov/catdir/toc/ecip0822/2008028311.html |
| 942 |
_2lcc _cBK _e6th Ed. _n0 |
||
| 999 |
_c4653 _d4653 |
||